Stavba budov II. : Úpravy povrchov a podlahy

Gespeichert in:
Bibliographische Detailangaben
1. Verfasser: Adameová, Oľga (Verfasst von)
Format: Buch
Sprache:Slowakisch
Veröffentlicht: Bratislava : SVŠT v Bratislave, 1976
Tags: Tag hinzufügen
Keine Tags, Fügen Sie das erste Tag hinzu!

MARC

LEADER 00000nam a22000003a 4500
001 stu91412
005 20150617225624.3
008 041110s1976----cs------------------slo-d
040 |a STU  |b slo 
041 0 |a slo 
044 |a cs 
080 |a 69.025.1 
100 1 |a Adameová, Oľga  |4 aut 
245 1 |a Stavba budov II. :  |b Úpravy povrchov a podlahy 
260 |a Bratislava :  |b SVŠT v Bratislave,  |c 1976 
300 |a 172 s 
996 |b 284V024609  |c V*560/S-76  |l VVS  |s A  |a 24  |w stu91412_0001 
996 |b 284V024608  |c V*556/S-76  |l VVS  |s A  |a 24  |w stu91412_0002